La salud y el ambiente en el desarrollo sostenible (Registro nro. 2039)
[ vista simple ]
| 000 -LEADER | |
|---|---|
| fixed length control field | 00815nam a2200265 a 4500 |
| 003 - CONTROL NUMBER IDENTIFIER | |
| control field | OSt |
| 005 - FECHA ULTIMA MODIFICACION | |
| control field | 20131107181311.0 |
| 008 - FIXED-LENGTH DATA ELEMENTS--GENERAL INFORMATION | |
| fixed length control field | 131107s2000 sz ||||| |||| 00| 0 spa d |
| 020 ## - INTERNATIONAL STANDARD BOOK NUMBER | |
| International Standard Book Number | 92-75-31572-8 |
| 040 ## - CATALOGING SOURCE | |
| Transcribing agency | Biblioteca Medicina |
| 041 ## - LANGUAGE CODE | |
| Language code of text/sound track or separate title | spa |
| 082 ## - DEWEY DECIMAL CLASSIFICATION NUMBER | |
| Classification number | OMS WA 30 |
| 110 ## - MAIN ENTRY--CORPORATE NAME | |
| Corporate name or jurisdiction name as entry element | Organizacion Mundial de la Salud |
| 9 (RLIN) | 1006 |
| 245 03 - TITLE STATEMENT | |
| Title | La salud y el ambiente en el desarrollo sostenible |
| 250 ## - EDITION STATEMENT | |
| Edition statement | 1° ed. |
| 260 ## - PUBLICATION, DISTRIBUTION, ETC. (IMPRINT) | |
| Place of publication, distribution, etc | Washington D. C. |
| Name of publisher, distributor, etc | Organizacion Mundial de la Salud |
| Date of publication, distribution, etc | 2000 |
| 300 ## - PHYSICAL DESCRIPTION | |
| Extent | 283 p. |
| 653 ## - INDEX TERM--UNCONTROLLED | |
| Uncontrolled term | SALUD AMBIENTAL |
| 653 ## - INDEX TERM--UNCONTROLLED | |
| Uncontrolled term | DESARROLLO SOSTENIBLE |
| 653 ## - INDEX TERM--UNCONTROLLED | |
| Uncontrolled term | PROTECCION AMBIENTAL |
| 653 ## - INDEX TERM--UNCONTROLLED | |
| Uncontrolled term | POLITICA AMBIENTAL |
| 653 ## - INDEX TERM--UNCONTROLLED | |
| Uncontrolled term | CALIDAD AMBIENTAL |
| 942 ## - ADDED ENTRY ELEMENTS (KOHA) | |
| Source of classification or shelving scheme | Dewey Decimal Classification |
| Koha item type | Hemeroteca |
| Withdrawn status | Lost status | Fuente de clasificación | Damaged status | Not for loan | Colección | Ubicación permanente | Ubicación actual | Sala de ubicación | Fecha de adquisición | Total Checkouts | Número de clasificación | Código de barras | Date last seen | Número de ejemplar | Price effective from | Koha tipo de elemento (item) |
|---|---|---|---|---|---|---|---|---|---|---|---|---|---|---|---|---|
| Dewey Decimal Classification | Non-fiction | Biblioteca Medicina | Biblioteca Medicina | Circulación | 07/11/2013 | OMS WA 30 | H0285 | 06/11/2014 | Ej. 1 | 07/11/2013 | Hemeroteca |